00458nam a2200121Ia 45000010005000000080041000050820021000461000125000672450068001922600033002609010028002939990015003213054241024s9999 xx 000 0 und d aRD/624.7/R426l/m aRepública Dominicana.Ministerio de Educación.Dirección General de Mantenimiento de infraestructura Escolar (DGMIE) 0aListado de escuela en Moca Levantamiento (Informe Presupuestal) bRepública Dominicanac2013 a23/7/2013 10:57:43 a.m. c8031d8031